Adaab e Zindagi (Record no. 325881)
[ view plain ]
| 000 -LEADER | |
|---|---|
| fixed length control field | 00204 a2200085 4500 |
| 001 - CONTROL NUMBER | |
| control field | 90808 |
| 003 - CONTROL NUMBER IDENTIFIER | |
| control field | NUST |
| 082 ## - DEWEY DECIMAL CLASSIFICATION NUMBER | |
| Classification number | 297.44 ISL |
| 245 ## - TITLE STATEMENT | |
| Title | Adaab e Zindagi |
| Statement of responsibility, etc. | Moulana Muhammad Yousuf Istlahi |
| 942 ## - ADDED ENTRY ELEMENTS (KOHA) | |
| Institution code [OBSOLETE] | CAE NUST |
| Koha item type | Book |
| Call number prefix | 297.44 |
| Source of classification or shelving scheme | |
| Withdrawn status | Lost status | Damaged status | Not for loan | Collection code | Permanent Location | Current Location | Date acquired | Total Checkouts | Full call number | Barcode | Date last seen | Price effective from | Koha item type |
|---|---|---|---|---|---|---|---|---|---|---|---|---|---|
| College of Aeronautical Engineering (CAE) | College of Aeronautical Engineering (CAE) | 04/03/2017 | 297.44 | CAE63158 | 04/05/2017 | 04/05/2017 | Book |
